书目信息 |
| 题名: |
流体力学
|
|
| 作者: | 张志政 , 王元 , 张鸿雁 编 | |
| 分册: | ||
| 出版信息: | 北京 科学出版社 2004.07 |
|
| 页数: | 273页, [2] 叶图版 | |
| 开本: | 24cm | |
| 丛书名: | ||
| 单 册: | ||
| 中图分类: | O35 | |
| 科图分类: | ||
| 主题词: | 流体力学 | |
| 电子资源: | ||
| ISBN: | 7-03-013251-3 | |
| 000 | 00833nam0 2200241 450 | |
| 001 | 0164435031 | |
| 005 | 20130311163741.65 | |
| 010 | @a7-03-013251-3@dCNY25.00 | |
| 100 | @a20050506d2004 km y0chiy0120 ea | |
| 101 | 0 | @achi |
| 102 | @aCN@b110000 | |
| 105 | @aaf z 000yy | |
| 200 | 1 | @a流体力学@Aliu ti li xue@f张鸿雁, 张志政, 王元编@Fzhang hong yan,zhang zhi zheng,wang yuan bian |
| 210 | @a北京@c科学出版社@d2004.07 | |
| 215 | @a273页, [2] 叶图版@c图@d24cm | |
| 330 | @a本书共13章。介绍了流体运动的基本概念和流体运动所遵循的基本方程;分析了工程应用较多的相似理论;阐述了理想流体的平面无旋运动等内容。 | |
| 606 | 0 | @a流体力学 |
| 690 | @aO35@v4 | |
| 701 | 0 | @a张志政@Azhang zhi zheng@4编 |
| 701 | 0 | @a王元@Awang yuan@4编 |
| 701 | 0 | @a张鸿雁@Azhang hong yan@4编 |
| 801 | 0 | @aCN@bQSSK@c20050718 |
| 905 | @a10447@dO35@eZ259 | |
| 流体力学/张鸿雁, 张志政, 王元编.-北京:科学出版社,2004.07 |
| 273页, [2] 叶图版:图;24cm |
| ISBN 7-03-013251-3:CNY25.00 |
| 本书共13章。介绍了流体运动的基本概念和流体运动所遵循的基本方程;分析了工程应用较多的相似理论;阐述了理想流体的平面无旋运动等内容。 |
| ● |
| 相关链接 |
|
|
|
正题名:流体力学
索取号:O35/Z259
 
预约/预借
| 序号 | 登录号 | 条形码 | 馆藏地/架位号 | 状态 | 备注 |
| 1 | 475968 | 204759680 | 自科库401/401自科库 53排5列1层/ [索取号:O35/Z259] | 在馆 | |
| 2 | 522727 | 205227271 | 自科库401/401自科库 53排5列1层/ [索取号:O35/Z259] | 在馆 | |
| 3 | 522728 | 205227280 | 自科库401/401自科库 53排5列1层/ [索取号:O35/Z259] | 在馆 | |
| 4 | 522729 | 205227299 | 自科库401/401自科库 53排5列1层/ [索取号:O35/Z259] | 在馆 |